| 000 | 00352cam a2200145ua 4500 | ||
|---|---|---|---|
| 999 |
_c14801 _d14801 |
||
| 020 | _a9788180142048 | ||
| 082 |
_a630 _bSAH/EL |
||
| 100 |
_aSahay, Jagdishwar. _92017 |
||
| 245 | _aElements of Agricultural engineering | ||
| 250 | _a5 | ||
| 260 |
_aNew Delhi _bStandard Book House _c2016 |
||
| 300 | _a542p | ||
| 650 |
_aAgriculture _91099 |
||
| 942 | _cBK | ||